| 000 | 00572nam a2200181Ia 4500 | ||
|---|---|---|---|
| 005 | 20260601193256.0 | ||
| 008 | 260601s9999||||xx |||||||||||||| ||und|| | ||
| 020 |
_a978-3-031-70893-0 _qebk |
||
| 100 | _aAndreas Hotho | ||
| 245 | 0 | _aKI 2024: Advances in Artificial Intelligence | |
| 250 | _a2024 | ||
| 260 |
_aHeidelberg, Germany _bSpringer Nature _c2024 |
||
| 440 | _aLecture Notes in Computer Science | ||
| 650 | _aComputer Science | ||
| 700 | _aSebastian Rudolph | ||
| 856 | _uhttps://link.springer.com/openurl?genre=book&isbn=978-3-031-70893-0 | ||
| 942 |
_cEB _2ddc |
||
| 999 |
_c56859 _d56859 |
||